[Event "Junior Online 4NCL Division 3"]
[Site "online"]
[Date "2022.01.20"]
[EventDate "2022.01.20"]
[Round "1.114"]
[White "Siriwardana, Neil"]
[WhiteElo "961"]
[WhiteTeam "KEGS C"]
[Black "Liu, Zhengzheng"]
[BlackElo "1290"]
[BlackTeam "London Dragons Beryllium"]
[Result "0-1"]
[PlyCount "150"]

1. e4 c5 2. Nc3 d6 3. Nf3 Nc6 4. Be2 e5 5. O-O Nge7 6. b3 g6 7. Bb2 Bg7 8. Bb5 Be6 9. Re1 a6 10. Bxc6+ Nxc6 11. Nd5 Ne7 12. d3 Nxd5 13. exd5 Bxd5 14. Rc1 f6 15. c4 Be6 16. Bc3 O-O 17. Bb2 b5 18. cxb5 axb5 19. a4 b4 20. Nd2 Qe7 21. Nc4 Bxc4 22. dxc4 Rfd8 23. Qd5+ Kh8 24. Qd1 Bh6 25. Ra1 Ra5 26. f3 f5 27. Rf1 Be3+ 28. Kh1 Bf4 29. g3 Bh6 30. f4 Kg8 31. Re1 e4 32. Qd5+ Qf7 33. Qxf7+ Kxf7 34. Kg2 Bg7 35. Bxg7 Kxg7 36. Red1 Ra7 37. Rd2 Ra5 38. Rdd1 Kf6 39. Rd2 Ke6 40. Rdd1 d5 41. cxd5+ Rxd5 42. Rxd5 Kxd5 43. Kf2 c4 44. bxc4+ Kxc4 45. Ke3 Ra7 46. Kd2 b3 47. Kc1 Kb4 48. Kb2 Rxa4 49. Rd1 Ra2+ 50. Kb1 Kc3 51. Rc1+ Rc2 52. Re1 Rxh2 53. Re3+ Kb4 54. Re1 Kc3 55. Re3+ Kc4 56. Kc1 b2+ 57. Kb1 Kd4 58. Rb3 e3 59. Rb4+ Kd3 60. Rb3+ Ke4 61. Rb4+ Kf3 62. Rb3 Kf2 63. Rxb2+ e2 64. Kc1 Kf1 65. Kb1 e1=Q+ 66. Ka2 Rxb2+ 67. Kxb2 Qxg3 68. Kc1 Qf2 69. Kd1 Qe2+ 70. Kc1 Kf2 71. Kb1 Qd2 72. Ka1 Ke3 73. Kb1 Kd3 74. Ka1 Kc3 75. Kb1 Qb2# 0-1

[Event "Junior Online 4NCL Division 3"]
[Site "online"]
[Date "2022.01.20"]
[EventDate "2022.01.20"]
[Round "1.116"]
[White "Shi, Shaoting"]
[WhiteElo "1313"]
[WhiteTeam "London Dragons Beryllium"]
[Black "Jinturkar, Paras"]
[BlackElo "1000"]
[BlackTeam "KEGS C"]
[Result "0-1"]
[PlyCount "56"]

1. e4 e5 2. Nf3 Nc6 3. Bc4 Nd4 4. Nxd4 exd4 5. Qf3 Qf6 6. Qe2 c6 7. e5 Qg6 8. Qf3 d5 9. Bd3 Qe6 10. Qf4 Ne7 11. Qxd4 Nf5 12. Qf4 Ne7 13. Nc3 Ng6 14. Qe3 b6 15. O-O h5 16. f4 Bc5 17. f5 Bxe3+ 18. dxe3 Qxe5 19. fxg6 f6 20. e4 h4 21. exd5 Qd4+ 22. Kh1 h3 23. g3 cxd5 24. Re1+ Kd8 25. Be3 Qg4 26. Be2 Qxg6 27. Nxd5 Qe4+ 28. Kg1 Qg2# 0-1

[Event "Junior Online 4NCL Division 3"]
[Site "online"]
[Date "2022.01.20"]
[EventDate "2022.01.20"]
[Round "1.117"]
[White "Fernandes, Cleon"]
[WhiteElo "1000"]
[WhiteTeam "KEGS C"]
[Black "Li, Harvey"]
[BlackElo "1280"]
[BlackTeam "London Dragons Beryllium"]
[Result "0-1"]
[PlyCount "56"]

1. e4 e6 2. Nf3 d5 3. exd5 exd5 4. Bb5+ c6 5. O-O cxb5 6. Qe2+ Be6 7. Qxb5+ Qd7 8. Qd3 Bd6 9. Ng5 Nf6 10. Re1 O-O 11. Nc3 h6 12. Nf3 Nc6 13. b3 Nb4 14. Qd4 Nxc2 15. Qd3 Nxe1 16. Nxe1 d4 17. Nb5 Be5 18. Nf3 Bc7 19. Nxc7 Qxc7 20. Qxd4 Rfd8 21. Qe3 Bd5 22. Nd4 Re8 23. Qd3 Re1+ 24. Qf1 Rxf1+ 25. Kxf1 Qxh2 26. f3 Re8 27. Nf5 Qh1+ 28. Kf2 Qe1# 0-1

[Event "Junior Online 4NCL Division 3"]
[Site "online"]
[Date "2022.01.20"]
[EventDate "2022.01.20"]
[Round "1.118"]
[White "Liu, Zhengzheng"]
[WhiteElo "1290"]
[WhiteTeam "London Dragons Beryllium"]
[Black "Siriwardana, Neil"]
[BlackElo "961"]
[BlackTeam "KEGS C"]
[Result "1-0"]
[PlyCount "53"]

1. e4 e5 2. Nf3 Nc6 3. d4 Bd6 4. d5 Nce7 5. c4 Nf6 6. Nc3 O-O 7. Bd3 h6 8. O-O Nh5 9. Ne1 Nf4 10. Bxf4 exf4 11. g3 fxg3 12. fxg3 Bb4 13. Qd2 Bxc3 14. Qxc3 f6 15. Ng2 d6 16. Nf4 Bh3 17. Nxh3 Ng6 18. Nf4 Nxf4 19. Rxf4 g5 20. Rf2 c5 21. Raf1 Qd7 22. b3 Rf7 23. Rxf6 Rxf6 24. Qxf6 Rf8 25. Qxf8+ Kh7 26. e5+ Qf5 27. Bxf5# 1-0

[Event "Junior Online 4NCL Division 3"]
[Site "online"]
[Date "2022.01.20"]
[EventDate "2022.01.20"]
[Round "1.121"]
[White "Bhaskaran, Adithya"]
[WhiteElo "1200"]
[WhiteTeam "Chess Challengers D"]
[Black "Verma, Abhi"]
[BlackElo "620"]
[BlackTeam "East Kilbride Rooks"]
[Result "1-0"]
[PlyCount "69"]

1. d4 d5 2. Nc3 Nf6 3. Nf3 Bf5 4. Bf4 e6 5. e3 Be7 6. Bd3 Bg6 7. O-O O-O 8. Nb5 Bd6 9. Nxd6 cxd6 10. Rc1 Nbd7 11. c4 e5 12. dxe5 dxe5 13. Nxe5 Nxe5 14. Bxe5 Bxd3 15. Qxd3 dxc4 16. Qxc4 Re8 17. Bd4 b6 18. Rfd1 Rc8 19. Qxc8 Qxc8 20. Rxc8 Rxc8 21. Bc3 h6 22. Kf1 Ne4 23. Rd3 Kf8 24. Ke2 f5 25. f3 Nxc3+ 26. Rxc3 Rxc3 27. bxc3 Ke7 28. Kd3 Kd6 29. Kd4 g6 30. g4 fxg4 31. fxg4 b5 32. h3 a6 33. h4 h5 34. gxh5 gxh5 35. a3 1-0

[Event "Junior Online 4NCL Division 3"]
[Site "online"]
[Date "2022.01.20"]
[EventDate "2022.01.20"]
[Round "1.122"]
[White "Biswas, Snigdha"]
[WhiteElo "548"]
[WhiteTeam "East Kilbride Rooks"]
[Black "Ciutac, Stefan"]
[BlackElo "1173"]
[BlackTeam "Chess Challengers D"]
[Result "0-1"]
[PlyCount "88"]

1. e4 c6 2. d4 d5 3. Nc3 dxe4 4. Nxe4 Nf6 5. Nc3 Bf5 6. Bc4 e6 7. Nf3 h6 8. O-O Be7 9. h3 O-O 10. Bf4 Nd5 11. a3 Nxf4 12. Qd2 Nd5 13. Ne5 Nd7 14. Rfe1 Nxe5 15. Rxe5 Bg5 16. Qe1 Bxc2 17. Bxd5 cxd5 18. Re2 Bd3 19. Re5 Qb6 20. Na4 Qb5 21. Nc5 Bh7 22. Re2 Bf6 23. Rd2 Bxd4 24. Rxd4 Qxc5 25. Rd2 Rac8 26. Rc1 Qxc1 27. Qxc1 Rxc1+ 28. Kh2 Rc2 29. Rxc2 Bxc2 30. b4 Rc8 31. g3 Bh7 32. h4 Rc2 33. Kg2 Ra2 34. b5 Rxa3 35. f4 Be4+ 36. Kh3 Rb3 37. Kg4 Rxb5 38. h5 a5 39. Kh3 a4 40. Kg4 a3 41. Kh4 a2 42. Kg4 a1=Q 43. Kh4 Qh1+ 44. Kg4 f5# 0-1

[Event "Junior Online 4NCL Division 3"]
[Site "online"]
[Date "2022.01.20"]
[EventDate "2022.01.20"]
[Round "1.123"]
[White "Gehlote, Sohum Singh"]
[WhiteElo "1089"]
[WhiteTeam "Chess Challengers D"]
[Black "Narasimhan, Srivathsan"]
[BlackElo "501"]
[BlackTeam "East Kilbride Rooks"]
[Result "0-1"]
[PlyCount "50"]

1. e4 e5 2. Nf3 Nc6 3. Nc3 Nf6 4. Bc4 Nxe4 5. Nxe4 d5 6. Be2 dxe4 7. Ng1 Bf5 8. b3 Bd6 9. Bb2 O-O 10. h3 e3 11. fxe3 Nb4 12. Bd3 Bxd3 13. cxd3 Nxd3+ 14. Ke2 Nxb2 15. Qc2 Ba3 16. Qe4 f6 17. Qxb7 Qd3+ 18. Ke1 Rad8 19. Nf3 e4 20. Kf2 exf3 21. gxf3 Qxd2+ 22. Kg3 Bd6+ 23. Kg4 Qg2+ 24. Kh4 Qg3+ 25. Kh5 Qg5# 0-1

[Event "Junior Online 4NCL Division 3"]
[Site "online"]
[Date "2022.01.20"]
[EventDate "2022.01.20"]
[Round "1.124"]
[White "Vinodh, Sampriti"]
[WhiteElo "336"]
[WhiteTeam "East Kilbride Rooks"]
[Black "Moiseev, Mikhail"]
[BlackElo "1077"]
[BlackTeam "Chess Challengers D"]
[Result "0-1"]
[PlyCount "54"]

1. e4 e5 2. Nf3 Nc6 3. Nc3 Nf6 4. Bc4 Bc5 5. d3 d6 6. Bg5 Be6 7. O-O Bg4 8. h3 Bh5 9. Nd5 Nd4 10. Nxf6+ gxf6 11. Bh6 Nxf3+ 12. gxf3 Rg8+ 13. Kh2 Qd7 14. Rg1 Rxg1 15. Qxg1 O-O-O 16. a4 Bxf3 17. Be3 Bxe3 18. fxe3 Bh5 19. Qf2 Qe7 20. Qf5+ Kb8 21. Qxh5 Qd7 22. Qxh7 Rf8 23. Bb5 c6 24. Bc4 d5 25. Bb3 Qc8 26. Rg1 Rh8 27. Qxf7 Qxh3# 0-1

[Event "Junior Online 4NCL Division 3"]
[Site "online"]
[Date "2022.01.20"]
[EventDate "2022.01.20"]
[Round "1.125"]
[White "Verma, Abhi"]
[WhiteElo "620"]
[WhiteTeam "East Kilbride Rooks"]
[Black "Bhaskaran, Adithya"]
[BlackElo "1200"]
[BlackTeam "Chess Challengers D"]
[Result "1-0"]
[PlyCount "37"]

1. e4 e5 2. Nc3 Nf6 3. f4 exf4 4. e5 Ng8 5. Nf3 Nc6 6. d4 Bb4 7. Bxf4 f6 8. exf6 Nxf6 9. Bg5 h6 10. Bxf6 Qxf6 11. Bc4 a6 12. O-O b5 13. Ne5 Nxe5 14. Rxf6 gxf6 15. dxe5 fxe5 16. Qh5+ Kd8 17. Nd5 Bd2 18. Qxe5 d6 19. Qe7# 1-0

[Event "Junior Online 4NCL Division 3"]
[Site "online"]
[Date "2022.01.20"]
[EventDate "2022.01.20"]
[Round "1.126"]
[White "Ciutac, Stefan"]
[WhiteElo "1173"]
[WhiteTeam "Chess Challengers D"]
[Black "Biswas, Snigdha"]
[BlackElo "548"]
[BlackTeam "East Kilbride Rooks"]
[Result "1-0"]
[PlyCount "137"]

1. c4 e5 2. g3 Nc6 3. Bg2 Nf6 4. Nc3 Bb4 5. e3 Bxc3 6. dxc3 e4 7. Ne2 Ne5 8. O-O h6 9. b3 O-O 10. Ba3 d6 11. Nf4 Bg4 12. Qd2 Bf3 13. h3 Bxg2 14. Kxg2 Nf3 15. Qd1 Re8 16. Nd5 c6 17. Nb4 d5 18. cxd5 Nxd5 19. Nxd5 cxd5 20. Bc5 b6 21. Bd4 Qd6 22. a3 Red8 23. Qc2 a5 24. c4 Rdb8 25. c5 bxc5 26. Bxc5 Qd8 27. b4 axb4 28. axb4 Rxa1 29. Rxa1 Ra8 30. Rxa8 Qxa8 31. Qb3 Ne1+ 32. Kf1 Nf3 33. Qb2 Nh2+ 34. Ke2 Qc8 35. Bd4 Qxh3 36. Qb1 Nf3 37. b5 Qc8 38. b6 Qb7 39. Qa1 Nxd4+ 40. exd4 Qxb6 41. Qa8+ Kh7 42. Qxd5 Qb2+ 43. Kf1 Qc2 44. Qxf7 Qd3+ 45. Kg2 Qf3+ 46. Qxf3 exf3+ 47. Kxf3 Kg6 48. Kf4 Kf6 49. Ke4 g5 50. Kd5 h5 51. Kc6 h4 52. gxh4 gxh4 53. d5 h3 54. Kc7 Ke7 55. d6+ Ke8 56. d7+ Ke7 57. d8=Q+ Ke6 58. Qg8+ Ke7 59. Qh7+ Kf8 60. Qxh3 Kf7 61. Qh6 Ke7 62. Qd6+ Kf7 63. Kd7 Kg7 64. Qe6 Kh7 65. Qf6 Kg8 66. Qe7 Kh8 67. Ke6 Kg8 68. Kf6 Kh8 69. Qg7# 1-0

[Event "Junior Online 4NCL Division 3"]
[Site "online"]
[Date "2022.01.20"]
[EventDate "2022.01.20"]
[Round "1.127"]
[White "Narasimhan, Srivathsan"]
[WhiteElo "501"]
[WhiteTeam "East Kilbride Rooks"]
[Black "Gehlote, Sohum Singh"]
[BlackElo "1089"]
[BlackTeam "Chess Challengers D"]
[Result "1-0"]
[PlyCount "43"]

1. e4 e5 2. Nf3 Nc6 3. Nc3 Nf6 4. d4 exd4 5. Nxd4 Nxd4 6. Qxd4 Bd6 7. e5 Qe7 8. Be2 Bc5 9. Qf4 Ng8 10. Nd5 Qd8 11. Be3 Bxe3 12. Qxe3 b6 13. O-O Bb7 14. Nf4 Ne7 15. Bf3 Bxf3 16. Qxf3 O-O 17. Rad1 Nf5 18. Nh5 Nh4 19. Qg4 g6 20. Nf6+ Kh8 21. Qxh4 d6 22. Qxh7# 1-0

[Event "Junior Online 4NCL Division 3"]
[Site "online"]
[Date "2022.01.20"]
[EventDate "2022.01.20"]
[Round "1.128"]
[White "Moiseev, Mikhail"]
[WhiteElo "1077"]
[WhiteTeam "Chess Challengers D"]
[Black "Vinodh, Sampriti"]
[BlackElo "336"]
[BlackTeam "East Kilbride Rooks"]
[Result "1-0"]
[PlyCount "65"]

1. e4 e5 2. Nf3 Nc6 3. Bc4 Nf6 4. O-O Bc5 5. c3 d6 6. d4 exd4 7. cxd4 Bxd4 8. Nxd4 Nxd4 9. Qxd4 Bg4 10. Bg5 h6 11. Bxf6 gxf6 12. e5 fxe5 13. Qxg4 b6 14. Qg7 Rf8 15. f4 Kd7 16. fxe5 dxe5 17. Rd1+ Kc8 18. Rxd8+ Rxd8 19. Ba6+ Kb8 20. Qxe5 Rd1+ 21. Kf2 Rd6 22. Qe4 c5 23. Qe8+ Kc7 24. Qxa8 Rd8 25. Qb7+ Kd6 26. Nc3 Re8 27. Rd1+ Ke6 28. Qe4+ Kf6 29. Rd6+ Kg5 30. Qxe8 f5 31. Qg8+ Kf4 32. Ne2+ Ke5 33. Qe6# 1-0

[Event "Junior Online 4NCL Division 3"]
[Site "online"]
[Date "2022.01.20"]
[EventDate "2022.01.20"]
[Round "1.132"]
[White "Donati Plutino, Francesco Rodolfo"]
[WhiteElo "1149"]
[WhiteTeam "Desert Penguins Neptune"]
[Black "Gohil, Shayan"]
[BlackElo "1198"]
[BlackTeam "Brentwood School B"]
[Result "0-1"]
[PlyCount "40"]

1. d4 d5 2. c4 Nf6 3. Nc3 Bf5 4. Bf4 Nc6 5. e3 Nb4 6. Qa4+ Nc6 7. Nf3 e6 8. a3 Be7 9. Be2 O-O 10. O-O Bd6 11. Bxd6 Qxd6 12. c5 Qd8 13. b4 Ng4 14. Nh4 Qxh4 15. h3 Nf6 16. Nb5 Bxh3 17. Bf3 Ng4 18. Nxc7 Rac8 19. Nb5 Bxg2 20. Kxg2 Qh2# 0-1

[Event "Junior Online 4NCL Division 3"]
[Site "online"]
[Date "2022.01.20"]
[EventDate "2022.01.20"]
[Round "1.133"]
[White "Kovalev, Rostislav"]
[WhiteElo "1032"]
[WhiteTeam "Brentwood School B"]
[Black "Mourat, Emil"]
[BlackElo "874"]
[BlackTeam "Desert Penguins Neptune"]
[Result "1-0"]
[PlyCount "129"]

1. e4 c5 2. Nf3 d6 3. d4 cxd4 4. Nxd4 e6 5. Bd3 Nc6 6. Nxc6 bxc6 7. O-O Be7 8. c4 Nf6 9. Bg5 O-O 10. f4 Ba6 11. Nc3 Ng4 12. Qxg4 f6 13. Bh6 Qb6+ 14. Kh1 Rf7 15. f5 e5 16. Qg3 Qxb2 17. Ne2 Bd8 18. Rfb1 Qa3 19. Bc1 Qa4 20. Bd2 Bxc4 21. Bxc4 Qxc4 22. Qe3 Bb6 23. Qf3 Qc2 24. Qc3 Qxe4 25. Ng3 Qd5 26. a4 Bd4 27. Qb3 Bxa1 28. Qxd5 cxd5 29. Rxa1 Rb7 30. h3 a6 31. a5 Rb2 32. Bc3 Rc2 33. Bb4 Rd8 34. Kh2 d4 35. Ne4 d3 36. Rd1 d5 37. Ng3 e4 38. Nf1 Rb8 39. Ne3 Rb2 40. Bc3 R2b3 41. Bd4 Rb1 42. Rd2 Kf7 43. Bb6 Ke7 44. Nxd5+ Kd6 45. Ne3 Kc6 46. Kg3 Kb5 47. Kf4 Kb4 48. Kxe4 Kc3 49. Rxd3+ Kb2 50. Rd7 Re8+ 51. Kf3 Re1 52. Ng4 Rf1+ 53. Kg3 Re2 54. Kh2 Ree1 55. Rxg7 Rh1+ 56. Kg3 Reg1 57. Nf2 Rxh3+ 58. Nxh3 Rb1 59. Rb7 Rc1 60. Rc7 Rd1 61. Rxh7 Rd3+ 62. Kh2 Rb3 63. Rf7 Rf3 64. Rxf6 Rxf5 65. Rxf5 1-0

[Event "Junior Online 4NCL Division 3"]
[Site "online"]
[Date "2022.01.20"]
[EventDate "2022.01.20"]
[Round "1.134"]
[White "Tracey, Reuben"]
[WhiteElo "773"]
[WhiteTeam "Desert Penguins Neptune"]
[Black "Coppell, Gracie"]
[BlackElo "1011"]
[BlackTeam "Brentwood School B"]
[Result "0-1"]
[PlyCount "110"]

1. d4 d5 2. c4 e6 3. Nc3 Nf6 4. Nf3 Nc6 5. Bg5 h6 6. Bh4 Be7 7. e3 b6 8. Bd3 O-O 9. Bxf6 Bxf6 10. O-O Be7 11. Bc2 dxc4 12. b3 cxb3 13. axb3 Bd6 14. h3 Qf6 15. Qd3 g6 16. e4 e5 17. dxe5 Nxe5 18. Nxe5 Qxe5 19. g3 Bxh3 20. Rfe1 Qg5 21. Qd4 Bc5 22. Qd3 Bxf2+ 23. Kxf2 Qf6+ 24. Kg1 Qc6 25. Nd5 Qc5+ 26. Kh2 Bg4 27. Rf1 Rad8 28. Qd2 f5 29. Qxh6 Qxc2+ 30. Kg1 Qc5+ 31. Kh1 Qd6 32. Rg1 fxe4 33. Nf4 e3 34. Rg2 Bf3 35. Rd1 Qxd1+ 36. Kh2 Bxg2 37. Qxg6+ Kh8 38. Kxg2 Rd2+ 39. Kh3 Qh1+ 40. Kg4 Qd1+ 41. Kg5 Rg8 42. Kf6 Rxg6+ 43. Nxg6+ Kg8 44. Ne7+ Kh7 45. g4 Rf2+ 46. Ke6 Qxg4+ 47. Ke5 Rc2 48. Kf6 Qd4+ 49. Kf7 Qf4+ 50. Ke6 Qh6+ 51. Kf7 Rf2+ 52. Ke8 Qf8+ 53. Kd7 Rd2+ 54. Kxc7 Qxe7+ 55. Kb8 Rd8# 0-1

[Event "Junior Online 4NCL Division 3"]
[Site "online"]
[Date "2022.01.20"]
[EventDate "2022.01.20"]
[Round "1.136"]
[White "Gohil, Shayan"]
[WhiteElo "1198"]
[WhiteTeam "Brentwood School B"]
[Black "Donati Plutino, Francesco Rodolfo"]
[BlackElo "1149"]
[BlackTeam "Desert Penguins Neptune"]
[Result "1-0"]
[PlyCount "127"]

1. e4 c5 2. Nf3 d6 3. Nc3 e6 4. Bb5+ Bd7 5. Be2 Nc6 6. d3 a6 7. O-O Nf6 8. Bg5 Be7 9. d4 cxd4 10. Nxd4 e5 11. Nf5 Bxf5 12. exf5 Qd7 13. Bd3 Nd4 14. Bxf6 Bxf6 15. Qg4 b5 16. Nd5 Bd8 17. Qxg7 Rf8 18. Qxh7 Qc6 19. Be4 Ne2+ 20. Kh1 Qc4 21. Bf3 Nd4 22. Nf6+ Bxf6 23. Bxa8 Qxc2 24. Qh6 Bd8 25. Qxd6 Qxf5 26. Qxa6 Rh8 27. Bc6+ Kf8 28. Qa3+ Kg7 29. Qg3+ Kf6 30. Rae1 Nxc6 31. f4 e4 32. Qg5+ Ke6 33. Qxf5+ Kxf5 34. Rd1 Bc7 35. Rd5+ Ke6 36. Rxb5 Nd4 37. f5+ Kf6 38. Rd5 Nc2 39. Rc5 Rxh2+ 40. Kg1 Ne3 41. Rxc7 Nxf1 42. Kxf1 Rh1+ 43. Kf2 Rh4 44. Kg3 Rh5 45. Kf4 Rxf5+ 46. Kxe4 Rf2 47. Rc6+ Kg7 48. b4 Rxg2 49. a4 Rg4+ 50. Kd5 Rxb4 51. Ra6 Rb8 52. a5 Rb5+ 53. Kc6 Rb3 54. Ra8 f5 55. a6 Rc3+ 56. Kd5 Rd3+ 57. Ke5 Kg6 58. a7 Re3+ 59. Kf4 Re4+ 60. Kf3 Kg5 61. Rg8+ Kf6 62. a8=Q Rb4 63. Qf8+ Ke5 64. Qxb4 1-0

[Event "Junior Online 4NCL Division 3"]
[Site "online"]
[Date "2022.01.20"]
[EventDate "2022.01.20"]
[Round "1.137"]
[White "Mourat, Emil"]
[WhiteElo "874"]
[WhiteTeam "Desert Penguins Neptune"]
[Black "Kovalev, Rostislav"]
[BlackElo "1032"]
[BlackTeam "Brentwood School B"]
[Result "0-1"]
[PlyCount "78"]

1. d4 c5 2. dxc5 Nc6 3. c4 e6 4. Nc3 Bxc5 5. Nf3 Nf6 6. e3 O-O 7. Bd3 d5 8. O-O h6 9. h3 Bd6 10. e4 d4 11. Ne2 e5 12. c5 Bxc5 13. Bd2 Be6 14. Qc1 Bd6 15. Bxh6 Nh7 16. Bg5 Nxg5 17. Nxg5 Rc8 18. h4 Nb4 19. Qd2 Nxd3 20. Qxd3 Bc4 21. Qf3 Bxe2 22. Qxe2 Be7 23. Nf3 Bxh4 24. Nxh4 Qxh4 25. Rac1 f6 26. f3 Qf4 27. Qb5 Rxc1 28. Rxc1 Qxc1+ 29. Kf2 Qe3+ 30. Kf1 d3 31. Qb3+ Kh7 32. Qc3 Qe2+ 33. Kg1 d2 34. Qxd2 Qxd2 35. Kh2 Kg6 36. Kg3 Qf4+ 37. Kf2 Rc8 38. Ke2 Rc2+ 39. Kd3 Qd2# 0-1

[Event "Junior Online 4NCL Division 3"]
[Site "online"]
[Date "2022.01.20"]
[EventDate "2022.01.20"]
[Round "1.138"]
[White "Coppell, Gracie"]
[WhiteElo "1011"]
[WhiteTeam "Brentwood School B"]
[Black "Tracey, Reuben"]
[BlackElo "773"]
[BlackTeam "Desert Penguins Neptune"]
[Result "1-0"]
[PlyCount "77"]

1. e4 c5 2. Nf3 d6 3. d4 cxd4 4. Nxd4 e6 5. Nf3 Nf6 6. Nc3 Be7 7. Bb5+ Nbd7 8. O-O a6 9. Bd3 b5 10. e5 dxe5 11. Ne4 Bb7 12. Nxf6+ Nxf6 13. h3 Qc8 14. Nxe5 O-O 15. Bg5 Nd5 16. Bxe7 Nxe7 17. Qh5 h6 18. Ng4 Qc6 19. f3 Qb6+ 20. Kh1 Nf5 21. Bxf5 exf5 22. Qxf5 Rfe8 23. Ne5 Qc7 24. Rae1 f6 25. Ng6 Bc8 26. Rxe8+ Kf7 27. Re7+ Qxe7 28. Qd5+ Be6 29. Qxa8 Qb4 30. Nh8+ Ke7 31. Qb7+ Ke8 32. Qc6+ Ke7 33. Ng6+ Kf7 34. Nh8+ Ke7 35. Qc7+ Bd7 36. c3 Qxb2 37. Re1+ Kf8 38. Qd8+ Be8 39. Qxe8# 1-0

[Event "Junior Online 4NCL Division 3"]
[Site "online"]
[Date "2022.01.20"]
[EventDate "2022.01.20"]
[Round "1.141"]
[White "Srinivasan, Gowri"]
[WhiteElo "1151"]
[WhiteTeam "Edgware Gambits E"]
[Black "Manikandan, Gaurav"]
[BlackElo "1441"]
[BlackTeam "Charlton Lions"]
[Result "0-1"]
[PlyCount "56"]

1. d4 d5 2. Nf3 Nf6 3. Nc3 e6 4. Bf4 Bd6 5. Bg3 Bxg3 6. hxg3 a6 7. e3 Nc6 8. Bd3 h6 9. Qd2 Bd7 10. O-O-O Qe7 11. Rde1 O-O-O 12. e4 dxe4 13. Nxe4 Nxe4 14. Bxe4 f5 15. Bxf5 Qb4 16. Bxe6 Qxd2+ 17. Nxd2 Nxd4 18. Bxd7+ Rxd7 19. Re4 Rhd8 20. c3 Nf5 21. Rhe1 Rxd2 22. g4 Nd6 23. Re7 Rxf2 24. Rxg7 Rxg2 25. Ree7 Rg1+ 26. Kc2 Rg3 27. Rxc7+ Kb8 28. c4 Rc8 0-1

[Event "Junior Online 4NCL Division 3"]
[Site "online"]
[Date "2022.01.20"]
[EventDate "2022.01.20"]
[Round "1.142"]
[White "Satish, Shiva"]
[WhiteElo "1219"]
[WhiteTeam "Charlton Lions"]
[Black "Tager, Maya"]
[BlackElo "1039"]
[BlackTeam "Edgware Gambits E"]
[Result "1/2-1/2"]
[PlyCount "74"]

1. e4 e5 2. Nf3 Nc6 3. Bc4 Nf6 4. Ng5 d5 5. exd5 Na5 6. Bb5+ c6 7. dxc6 bxc6 8. Bd3 Bd6 9. Ne4 Nxe4 10. Bxe4 Bd7 11. O-O O-O 12. Nc3 Rb8 13. Re1 Nc4 14. b3 Nb6 15. Re3 Bc5 16. Rg3 Qf6 17. d3 Bxf2+ 18. Kh1 Bxg3 19. hxg3 Qe6 20. Qh5 Qh6 21. Qxh6 gxh6 22. Bxh6 Rfe8 23. Bf3 Nd5 24. Bxd5 cxd5 25. Nxd5 Re6 26. Bg5 Bc6 27. Ne3 Rg6 28. Bh4 e4 29. Nf5 Kh8 30. Ne7 Rh6 31. Nxc6 Rxc6 32. dxe4 Re8 33. c4 Rxe4 34. Rf1 Kg8 35. Rf2 Re1+ 36. Kh2 Re5 37. Kh3 Rce6 1/2-1/2

[Event "Junior Online 4NCL Division 3"]
[Site "online"]
[Date "2022.01.20"]
[EventDate "2022.01.20"]
[Round "1.143"]
[White "Yarranton, Isaac"]
[WhiteElo "1000"]
[WhiteTeam "Edgware Gambits E"]
[Black "Thompson, Isaac"]
[BlackElo "1000"]
[BlackTeam "Charlton Lions"]
[Result "1-0"]
[PlyCount "79"]

1. g3 d5 2. Bg2 Nc6 3. d3 Nf6 4. Bf4 g6 5. Nc3 Bg7 6. Nf3 O-O 7. Ne5 Nxe5 8. Bxe5 Bf5 9. Bxf6 Bxf6 10. Nxd5 Bg7 11. e4 Be6 12. Nf4 Bxb2 13. Nxe6 fxe6 14. Rb1 Bg7 15. Rxb7 Qc8 16. e5 Bxe5 17. Qb1 c6 18. O-O Rb8 19. Bxc6 Qxc6 20. Rxb8 Bxb8 21. Qb3 a6 22. c4 Ba7 23. a4 a5 24. Qb5 Qb6 25. c5 Qxc5 26. Qxc5 Bxc5 27. Re1 Rf6 28. Re5 Bd4 29. Rxa5 Bb6 30. Rb5 Bc7 31. a5 Rf8 32. a6 Ra8 33. Rb7 Bd6 34. a7 Bc5 35. Rb8+ Rxb8 36. axb8=Q+ Kg7 37. Qe5+ Kf7 38. Qxc5 e5 39. Qd5+ Kf6 40. Qf3+ 1-0

[Event "Junior Online 4NCL Division 3"]
[Site "online"]
[Date "2022.01.20"]
[EventDate "2022.01.20"]
[Round "1.144"]
[White "Bazan, Ksawery"]
[WhiteElo "1047"]
[WhiteTeam "Charlton Lions"]
[Black "Bagchi, Aadi"]
[BlackElo "978"]
[BlackTeam "Edgware Gambits E"]
[Result "1/2-1/2"]
[PlyCount "113"]

1. e4 e5 2. Nf3 Nc6 3. Nc3 Nf6 4. Bc4 Nxe4 5. Nxe4 d5 6. Bd3 dxe4 7. Bxe4 Bc5 8. O-O O-O 9. d3 Bg4 10. Bg5 Bxf3 11. Bxd8 Bxd1 12. Raxd1 Raxd8 13. c3 a6 14. b4 Ba7 15. a4 Rb8 16. b5 axb5 17. axb5 Na5 18. c4 b6 19. Ra1 Rbd8 20. c5 Nb3 21. Rxa7 Nd2 22. Re1 Nxe4 23. Rxe4 Rxd3 24. Re1 Rfd8 25. Raa1 Rb3 26. cxb6 cxb6 27. Rab1 Rxb1 28. Rxb1 e4 29. Kf1 Re8 30. Ke2 f5 31. Rd1 g6 32. Rd6 Rb8 33. Ke3 Kf7 34. g4 fxg4 35. Kxe4 Re8+ 36. Kf4 Re6 37. Rd7+ Re7 38. Rxe7+ Kxe7 39. Kxg4 Kd6 40. Kg5 Kc5 41. Kh6 Kxb5 42. Kxh7 Kc6 43. Kxg6 b5 44. h4 b4 45. h5 b3 46. h6 b2 47. h7 b1=Q+ 48. Kg7 Qb2+ 49. Kg6 Qb8 50. Kg7 Qc7+ 51. Kg8 Qd8+ 52. Kg7 Qe7+ 53. Kg8 Qg5+ 54. Kh8 Qe7 55. Kg8 Qe6+ 56. Kg7 Qe7+ 57. Kg8 1/2-1/2

[Event "Junior Online 4NCL Division 3"]
[Site "online"]
[Date "2022.01.20"]
[EventDate "2022.01.20"]
[Round "1.145"]
[White "Manikandan, Gaurav"]
[WhiteElo "1441"]
[WhiteTeam "Charlton Lions"]
[Black "Srinivasan, Gowri"]
[BlackElo "1151"]
[BlackTeam "Edgware Gambits E"]
[Result "1-0"]
[PlyCount "57"]

1. e4 e5 2. Nf3 Nc6 3. Bc4 Nf6 4. d3 Bc5 5. Nc3 d6 6. h3 Bd7 7. Bg5 h6 8. Bxf6 Qxf6 9. Nd5 Qd8 10. c3 Be6 11. b4 Bb6 12. a4 a6 13. a5 Ba7 14. b5 Ne7 15. bxa6 bxa6 16. Qa4+ c6 17. Nxe7 Qxe7 18. Bxe6 O-O 19. Bc4 d5 20. exd5 cxd5 21. Bxd5 Rad8 22. Be4 f5 23. Qb3+ Kh8 24. Qb7 fxe4 25. Qxe7 exf3 26. Qxa7 fxg2 27. Rg1 e4 28. Rxg2 exd3 29. Qxg7# 1-0

[Event "Junior Online 4NCL Division 3"]
[Site "online"]
[Date "2022.01.20"]
[EventDate "2022.01.20"]
[Round "1.146"]
[White "Tager, Maya"]
[WhiteElo "1039"]
[WhiteTeam "Edgware Gambits E"]
[Black "Satish, Shiva"]
[BlackElo "1219"]
[BlackTeam "Charlton Lions"]
[Result "1/2-1/2"]
[PlyCount "124"]

1. e4 e5 2. Nf3 Nc6 3. Bb5 Nf6 4. Nc3 d6 5. O-O Be7 6. Nd5 O-O 7. Nxf6+ Bxf6 8. Bxc6 bxc6 9. d3 Re8 10. Re1 Rb8 11. b3 d5 12. Rb1 dxe4 13. dxe4 Qe7 14. Qd3 Rb6 15. Be3 Ba6 16. Qc3 Rbb8 17. Bxa7 Rb7 18. Bc5 Qe6 19. Be3 h6 20. a4 Be7 21. Nxe5 Bb4 22. Qd4 Bxe1 23. Nf3 Ba5 24. b4 Bb6 25. Qc3 Bxe3 26. Qxe3 Qc4 27. Nd2 Qxc2 28. h3 Qxa4 29. Qc5 Qb5 30. Qd4 Rbb8 31. Nb3 Red8 32. Qc3 Rd3 33. Qc5 Qxc5 34. Nxc5 Bb5 35. Nxd3 Bxd3 36. e5 Rxb4 37. Rxb4 Bb5 38. Re4 Kf8 39. f4 Ke7 40. f5 Bd3 41. Rd4 Bxf5 42. g4 Bg6 43. h4 Ke6 44. Rd1 Kxe5 45. h5 Be4 46. Re1 f6 47. Kf2 Kf4 48. Rd1 Bd5 49. Re1 Kxg4 50. Re7 Kxh5 51. Rxg7 c5 52. Rxc7 c4 53. Ke3 f5 54. Kd4 Bg8 55. Ke5 Kg5 56. Rg7+ Kh4 57. Rxg8 h5 58. Rc8 Kg3 59. Rxc4 h4 60. Kxf5 h3 61. Rc3+ Kg2 62. Rc2+ Kg3 1/2-1/2